Countries that have Penguins - Statistics

General Stats
  • This quiz has been taken 49 times
  • The average score is 9 of 12
Answer Stats
Answer % Correct
South Africa
98%
Argentina
96%
Chile
94%
Australia
90%
New Zealand
90%
Brazil
85%
Namibia
77%
Mozambique
75%
Uruguay
75%
Angola
71%
Peru
71%
Ecuador (Galapagos Islands)
0%
No matching quizzes found
Score Distribution
Percent of People with Each Score
Percentile by Number Answered
Your Score History
You have not taken this quiz